Linux System Administration (Record no. 339046)
[ view plain ]
| 000 -LEADER | |
|---|---|
| fixed length control field | 00453nam a2200169Ia 4500 |
| 008 - FIXED-LENGTH DATA ELEMENTS--GENERAL INFORMATION | |
| fixed length control field | 230718s9999 xx 000 0 und d |
| 020 ## - INTERNATIONAL STANDARD BOOK NUMBER | |
| International Standard Book Number | 9788184043105 |
| 041 ## - LANGUAGE CODE | |
| Language code of text/sound track or separate title | eng |
| 082 ## - DEWEY DECIMAL CLASSIFICATION NUMBER | |
| Classification number | 005.4'32 |
| Item number | ADE |
| 100 ## - MAIN ENTRY--PERSONAL NAME | |
| Personal name | Adelstein T. |
| 245 ## - TITLE STATEMENT | |
| Title | Linux System Administration |
| 260 ## - PUBLICATION, DISTRIBUTION, ETC. (IMPRINT) | |
| Date of publication, distribution, etc. | 2013 |
| Name of publisher, distributor, etc. | SPD/O'Reilly |
| 300 ## - PHYSICAL DESCRIPTION | |
| Extent | 279 |
| 365 ## - TRADE PRICE | |
| Currency code | Rs. |
| Price amount | 450.00 |
| 700 ## - ADDED ENTRY--PERSONAL NAME | |
| Personal name | Adelstein T. & Lubanovic B. |
| 906 ## - LOCAL DATA ELEMENT F, LDF (RLIN) | |
| d | O:0438614-Jan-2015B:392523-Dec-2014 |
| c | IT |
| b | 112.5 |
| Withdrawn status | Lost status | Damaged status | Not for loan | Home library | Current library | Date acquired | Vendor | Budget Code | Cost, normal purchase price | Bill number | Total Checkouts | Full call number | Barcode | Date last seen | Date last checked out | Discount | Cost, replacement price | Bill Date | Koha item type | Original Barcode |
|---|---|---|---|---|---|---|---|---|---|---|---|---|---|---|---|---|---|---|---|---|
| Cummins College of Engineering for Women Pune | Cummins College of Engineering for Women Pune | 14/01/2015 | Om Book Stall | IT | 337.50 | 3925 | 1 | 005.4'32 | CCEP-BK-50253 | 17/09/2025 | 04/09/2025 | 112.5 | 450.00 | 23/12/2014 | Books | 050253 |